Регионална библиотека "Любен Каравелов" - Русе

Български народни носии (Запис номер 212169)

MARC детайли
000 -Лидер
Контролно поле с фиксирана дължина 01386nkm a2200349 c 4500
003 - Код на организацията, давaща контролен номер
Контролно поле BLK
005 - Дата и час на последна редакция
Контролно поле 20220307124741.0
008 - Елементи от данни с фиксирана дължина
fixed length control field 180413b bul rap|r|||| r0| ||bulo|
010 ## - Наследен системен номер
LC control number KNG00208379000
020 ## - Международен стандартен номер на книга ISBN
Международен стандартен номер на книга ISBN 9786197198157
020 ## - Международен стандартен номер на книга ISBN
Международен стандартен номер на книга ISBN 9786197124651
040 ## - Източник на каталожния запис
Идентификатор на билиотеката - собственик на записа BLK
041 ## - Код за език
Код за езика на текст/звукозапис или на отделно заглавие Български
Код за езика КДБФ Български
Други езици Английски
072 #7 - Код за тематичната категория
Код организация bullib
Код за тематична категория Н86
Текст Детска отраслова литература Н
080 ## - УДК
Текстов определител УДК Облекло. Носия. Мода. Накит. Вж и 613.4 ; 646 ; 687
УДК код - определител по УДК 391
УДК определител (497.2):087.5
УДК - код + определител 391(497.2):087.5
139 ## - Редно поле
Редна дума Български народни носии
Авторски знак Бъл - Б 92
245 10 - Сведения за заглавието
Заглавие Български народни носии
Подзаглавни данни Малка кн. за оцветяване
246 11 - Различни форми на заглавието
Паралелно заглавие Bulgarian traditional costumes : a little coloring book
257 ## - Страна на издаване
Страна на създаване/издаване България
260 ## - Област на издателските данни
Място на издаване, разпространение и проч. София
Име на издателя, разпространителя и проч. БГкнига
Година на издаване 2016
Печатница София : Ропринт
300 ## - Физическа характеристика
Страници 24 с.
Илюстрации и др. с ил.
Размери/Мащаб 20 см
380 ## - Жанр
Жанр Детска отраслова лит.
490 1# - СЕРИИ (Колекции)
Име на серия Поредица Съкровищата на България
650 #4 - Допълнително описание по предмет – тема
Основно описание – тема или топоним Народни носии, български
9 (RLIN) 262386
653 ## - Ключова дума – ненормативна
Ключова дума народни носии
653 ## - Ключова дума – ненормативна
Ключова дума книжки за оцветяване
659 ## - Тематичен бюлетин
Тематичен бюлетин Н
852 ## - Местоположение
Форматна сигнатура Цб 302884
856 4# - Електронен адрес и достъп
Електронен формат pdf - файл
Път до файла /url/
856 4# - Електронен адрес и достъп
Електронен формат pdf - файл
Път до файла /url/
999 ## - СИСТЕМНИ КОНТРОЛНИ НОМЕРА
Koha biblionumber 212169
Koha biblioitemnumber 212169
942 ## - АРТИКУЛИ
Вид на библиотечния материал Графични издания
Скрит в OPAC Не
Периодичен библиозапис Да
Koha issues (borrowed), all copies 3
944 ## - СЪЗДАВАНЕ И РЕДАКЦИЯ на ЗАПИСА
Създаване/Редакция Създаване
Дата на регистрацията/редакция 21.06.2017
Служител, извършил регистрацията/редакцията Виолета_Тройчева
944 ## - СЪЗДАВАНЕ И РЕДАКЦИЯ на ЗАПИСА
Създаване/Редакция Редакция
Дата на регистрацията/редакция 08.07.2017
Служител, извършил регистрацията/редакцията Геновева_Генчева
999 ## - СИСТЕМНИ КОНТРОЛНИ НОМЕРА
Koha biblioitemnumber 212169
999 ## - СИСТЕМНИ КОНТРОЛНИ НОМЕРА
Koha biblioitemnumber 212169
999 ## - СИСТЕМНИ КОНТРОЛНИ НОМЕРА
Koha biblioitemnumber 212169
999 ## - СИСТЕМНИ КОНТРОЛНИ НОМЕРА
Koha biblioitemnumber 212169
Наличности
Код за отписване Код за изгубен артикул Източник на класификационната схема Код за повреда Коз за рестрикции Код за отдаване Артикулен № Име на библиотеката - собственик Име на библиотеката, в която се намира в момента Статус (Текущо местоположение) Дата на вписване в системата Местоположение - отдел Цена в лева Инвентарен номер Систематично азбучна сигнатура Баркод Номер на екземпляра Цена в евро Служебна бележка Служебен тип на артикула
  Не е изгубен Universal Decimal Classification Не е повреден без рестрикции ползва се в читалня 364150 Регионална библиотека "Любен Каравелов" Русе Регионална библиотека "Любен Каравелов" Русе Хранилище 2017-06-21 Хранилище 2.00 120000812608 Цб 302884 120000812608 1 1.02 Дост: Dp Вид: Д N: 22 Дата: 04.05.2017 Графични издания
  Не е изгубен Universal Decimal Classification Не е повреден без рестрикции заемане за дома 799386 Регионална библиотека "Любен Каравелов" Русе Регионална библиотека "Любен Каравелов" Русе Детски отдел 2020-09-17 Детски отдел 1.50   39/Б 92 120000846815   0.77   Графични издания
Vip Innovations Ltd, Rousse, Bulgaria 2025